Poltical thought of Swami Dayanad (Record no. 102732)

MARC details
000 -LEADER
fixed length control field 00533nam a22001817a 4500
005 - DATE AND TIME OF LATEST TRANSACTION
control field 20160823130436.0
010 ## - LCCN (DPL NO)
LC control number ENG-115821
020 ## - INTERNATIONAL STANDARD BOOK NUMBER
International Standard Book Number 9789350847367
Terms of availability 1500.00
035 ## - SYSTEM CONTROL NUMBER
System control number EN-99353
037 ## - SOURCE OF ACQUISITION
Source of stock number/acquisition DBAD/PUB
082 ## - DEWEY DECIMAL CLASSIFICATION NUMBER
Classification number 238.33
100 ## - MAIN ENTRY--PERSONAL NAME
Personal name Dahiya,Raj Kumar
245 ## - TITLE STATEMENT
Title Poltical thought of Swami Dayanad
Statement of responsibility, etc by Raj Kumar Dahiya
260 ## - PUBLICATION, DISTRIBUTION, ETC. (IMPRINT)
Place of publication, distribution, etc New Delhi
Name of publisher, distributor, etc Centrum Press
Date of publication, distribution, etc 2015
270 ## - ADDRESS
Address 4360/4Ansari Road Daryaganj
City New Delhi
Postal code 110002
300 ## - PHYSICAL DESCRIPTION
Extent vii,256p.
Dimensions 24cm(Hb)
942 ## - ADDED ENTRY ELEMENTS (KOHA)
Source of classification or shelving scheme Dewey Decimal Classification
Item type English Books
Classification part 238.33
Call number suffix DAH
Holdings
Withdrawn status Lost status Not for loan Collection code Home library Current library Date acquired Source of acquisition Cost, normal purchase price Full call number Barcode Copy number Cost, replacement price Koha item type
    Not For Loan Non-fiction D.B.Act.Division Bawana 23/08/2016 DBAD/PUB 1500.00 238.33 DAH EN-99353 1 1500.00 English Books

© Delhi Public Library
Hit Counter
free hit counter